[Event "Olimpiada de Khanty-Mansiysk 2010"]
[Site "Khanty-Mansiysk RUS"]
[Date "2010.10.03"]
[Round "11"]
[White "Karttunen, Mika"]
[Black "Filippov, Anton"]
[Result "0-1"]
[WhiteElo "2440"]
[BlackElo "2609"]
[PlyCount "186"]
[EventDate "2010.09.21"]
[EventType "team"]
[EventRounds "11"]
[EventCountry "RUS"]
[Source "lmi"]
[SourceDate "2010.09.21"]
[WhiteTeam "Finlandia"]
[BlackTeam "Uzbekistán"]
[WhiteTeamCountry "FIN"]
[BlackTeamCountry "UZB"]

1. c4 e5 2. Nc3 Nf6 3. g3 Nc6 4. Bg2 g6 5. e3 Bg7 6. Nge2 O-O 7. O-O d6 8. d3
Be6 9. Nd5 Qd7 10. Nec3 Ne8 11. b4 Bh3 12. Bxh3 Qxh3 13. Rb1 Nd8 14. Ne4 c6 15.
Ndc3 Ne6 16. f3 f5 17. Nf2 Qh5 18. Bd2 g5 19. g4 Qg6 20. gxf5 Rxf5 21. b5 N8c7
22. bxc6 bxc6 23. Nfe4 d5 24. cxd5 cxd5 25. Ng3 Rf7 26. e4 dxe4 27. dxe4 Rd8
28. Qc1 Nd4 29. Kg2 Nce6 30. Nd5 Nf4+ 31. Kh1 Nxd5 32. exd5 Nxf3 33. Be3 g4 34.
Qc4 Kh8 35. d6 Rxd6 36. Rb8+ Rf8 37. Rxf8+ Bxf8 38. Qc8 Kg8 39. Nf5 Qh5 40. Bg1
Rf6 41. Ng3 Qg6 42. Qc4+ Kg7 43. Bxa7 Rc6 44. Qd5 Rd6 45. Qb7+ Kh8 46. Ne4 Qh5
47. Bg1 Rh6 48. Rf2 Qe8 49. Rc2 Kg8 50. Be3 Re6 51. Qd5 Kg7 52. Bg5 Kg6 53. Bd8
Nd4 54. Rg2 h5 55. h3 Qc6 56. Qxc6 Rxc6 57. hxg4 hxg4 58. Rxg4+ Kf5 59. Rh4
Rc1+ 60. Kg2 Rc2+ 61. Kh3 Rxa2 62. Ng3+ Ke6 63. Rh8 Bb4 64. Re8+ Kd5 65. Bc7
Nc6 66. Kg4 Be1 67. Nf5 Ra4+ 68. Kg5 Bd2+ 69. Kf6 Bc3 70. Ne3+ Ke4 71. Nf5 Ra7
72. Nd6+ Kd3 73. Nb5 Rb7 74. Nxc3 Rxc7 75. Nb5 Rh7 76. Kg6 Re7 77. Rc8 Nd4 78.
Rd8 Re6+ 79. Kg5 Rb6 80. Nxd4 exd4 81. Kf4 Re6 82. Kf3 Rf6+ 83. Kg2 Kc3 84.
Rc8+ Kd2 85. Rc7 d3 86. Rc8 Kd1 87. Kg1 d2 88. Kg2 Rf5 89. Ra8 Ke2 90. Re8+ Kd3
91. Rd8+ Ke3 92. Kg3 Rg5+ 93. Kh2 Rg4 0-1

[Event "Olimpiada de Khanty-Mansiysk 2010"]
[Site "Khanty-Mansiysk RUS"]
[Date "2010.10.03"]
[Round "11"]
[White "Barsov, Alexei"]
[Black "Agopov, Mikael"]
[Result "1/2-1/2"]
[WhiteElo "2509"]
[BlackElo "2419"]
[PlyCount "53"]
[EventDate "2010.09.21"]
[EventType "team"]
[EventRounds "11"]
[EventCountry "RUS"]
[Source "lmi"]
[SourceDate "2010.09.21"]
[WhiteTeam "Uzbekistán"]
[BlackTeam "Finlandia"]
[WhiteTeamCountry "UZB"]
[BlackTeamCountry "FIN"]

1. d4 Nf6 2. Nf3 g6 3. c4 Bg7 4. g3 d5 5. cxd5 Nxd5 6. Bg2 Nb6 7. O-O Nc6 8.
Nc3 Nxd4 9. Nxd4 Qxd4 10. Nb5 Qxd1 11. Rxd1 Be5 12. Bf4 Bxf4 13. gxf4 O-O 14.
Nxc7 Rb8 15. a4 Bg4 16. f3 Be6 17. a5 Nc4 18. Nxe6 fxe6 19. Rd7 Kf7 20. a6 bxa6
21. Rxa6 Rxb2 22. Raxa7 Re8 23. Kf2 Nb6 24. Rdb7 Nc8 25. Rxb2 Nxa7 26. e4 Rc8
27. Bf1 1/2-1/2

[Event "Olimpiada de Khanty-Mansiysk 2010"]
[Site "Khanty-Mansiysk RUS"]
[Date "2010.10.03"]
[Round "11"]
[White "Norri, Joose"]
[Black "Khamrakulov, Dzhurabek"]
[Result "1/2-1/2"]
[WhiteElo "2330"]
[BlackElo "2485"]
[PlyCount "52"]
[EventDate "2010.09.21"]
[EventType "team"]
[EventRounds "11"]
[EventCountry "RUS"]
[Source "lmi"]
[SourceDate "2010.09.21"]
[WhiteTeam "Finlandia"]
[BlackTeam "Uzbekistán"]
[WhiteTeamCountry "FIN"]
[BlackTeamCountry "UZB"]

1. d4 d5 2. c4 e6 3. Nc3 Nf6 4. cxd5 exd5 5. Bg5 Be7 6. e3 O-O 7. Bd3 c6 8. Qc2
h6 9. Bh4 Re8 10. Nge2 Nh5 11. Bxe7 Qxe7 12. O-O Nd7 13. Rab1 Qh4 14. b4 Ndf6
15. b5 Ng4 16. h3 Ngf6 17. Bf5 Qg5 18. Bxc8 Rexc8 19. bxc6 Rxc6 20. Rxb7 Ne4
21. Qb3 Rg6 22. g4 Nxc3 23. Nxc3 Qh4 24. Rb8+ Kh7 25. Rxa8 Qxh3 26. f3 Qg3+
1/2-1/2

[Event "Olimpiada de Khanty-Mansiysk 2010"]
[Site "Khanty-Mansiysk RUS"]
[Date "2010.10.03"]
[Round "11"]
[White "Kurajica, Bojan"]
[Black "Delchev, Aleksander"]
[Result "1/2-1/2"]
[WhiteElo "2535"]
[BlackElo "2623"]
[PlyCount "69"]
[EventDate "2010.09.21"]
[EventType "team"]
[EventRounds "11"]
[EventCountry "RUS"]
[Source "lmi"]
[SourceDate "2010.09.21"]
[WhiteTeam "Bosnia Herzegovina"]
[BlackTeam "Bulgaria"]
[WhiteTeamCountry "BIH"]
[BlackTeamCountry "BUL"]

1. d4 Nf6 2. Nf3 e6 3. g3 c5 4. Bg2 cxd4 5. O-O d5 6. Nxd4 e5 7. Nb5 a6 8. N5c3
d4 9. Ne4 Nxe4 10. Bxe4 Nd7 11. e3 Nc5 12. Bg2 Be7 13. Qh5 Qd6 14. exd4 exd4
15. Bf4 Qg6 16. Qe5 Ne6 17. Be4 Qf6 18. Qxf6 Bxf6 19. Bd6 Kd7 20. Ba3 Kc7 21.
c3 Bd7 22. cxd4 Nxd4 23. Nc3 Bc6 24. Nd5+ Bxd5 25. Bxd5 Rad8 26. Bxf7 Nb5 27.
Rac1+ Kb8 28. Rcd1 Nxa3 29. bxa3 Bd4 30. Bb3 Rhf8 31. a4 Bb6 32. Rxd8+ Rxd8 33.
Rd1 Rxd1+ 34. Bxd1 Kc7 35. Kg2 1/2-1/2

[Event "Olimpiada de Khanty-Mansiysk 2010"]
[Site "Khanty-Mansiysk RUS"]
[Date "2010.10.03"]
[Round "11"]
[White "Berbatov, Kiprian"]
[Black "Dizdarevic, Emir"]
[Result "1/2-1/2"]
[WhiteElo "2461"]
[BlackElo "2475"]
[PlyCount "95"]
[EventDate "2010.09.21"]
[EventType "team"]
[EventRounds "11"]
[EventCountry "RUS"]
[Source "lmi"]
[SourceDate "2010.09.21"]
[WhiteTeam "Bulgaria"]
[BlackTeam "Bosnia Herzegovina"]
[WhiteTeamCountry "BUL"]
[BlackTeamCountry "BIH"]

1. e4 e6 2. d4 d5 3. Nd2 c5 4. exd5 Qxd5 5. Ngf3 cxd4 6. Bc4 Qd6 7. O-O Nf6 8.
Nb3 Nc6 9. Nbxd4 Nxd4 10. Nxd4 Be7 11. b3 O-O 12. Bb2 Qf4 13. Qe2 Bc5 14. Nf3
b6 15. Qe5 Qxe5 16. Nxe5 Bb7 17. Rad1 Rfd8 18. Nd3 Be7 19. Rfe1 Ne4 20. b4 Rac8
21. Bb3 Nc3 22. Bxc3 Rxc3 23. Ne5 Rxd1 24. Rxd1 Bd5 25. Bxd5 exd5 26. Rxd5 Rxc2
27. g3 f6 28. Rd7 Kf8 29. Nf3 Rxa2 30. Nd4 Ke8 31. Rc7 Bxb4 32. Ne6 Re2 33.
Nxg7+ Kf8 34. Rxa7 Bc5 35. Rc7 Re7 36. Rxe7 Kxe7 37. Kf1 Kf7 38. Nh5 Ke6 39.
Ke2 b5 40. f3 f5 41. Kd3 Bg1 42. h3 Bc5 43. g4 fxg4 44. hxg4 Bd6 45. f4 Kf7 46.
Kd4 Kg6 47. Kd5 Bxf4 48. Nxf4+ 1/2-1/2

[Event "Olimpiada de Khanty-Mansiysk 2010"]
[Site "Khanty-Mansiysk RUS"]
[Date "2010.10.03"]
[Round "11"]
[White "Bogner, Sebastian"]
[Black "Gruenfeld, Yehuda"]
[Result "0-1"]
[WhiteElo "2549"]
[BlackElo "2464"]
[PlyCount "152"]
[EventDate "2010.09.21"]
[EventType "team"]
[EventRounds "11"]
[EventCountry "RUS"]
[Source "lmi"]
[SourceDate "2010.09.21"]
[WhiteTeam "Alemania"]
[BlackTeam "ICS"]
[WhiteTeamCountry "GER"]

1. d4 Nf6 2. c4 e6 3. g3 c5 4. d5 exd5 5. cxd5 d6 6. Bg2 g6 7. Nf3 Bg7 8. Nc3
O-O 9. O-O Re8 10. Nd2 a6 11. a4 Nbd7 12. h3 Rb8 13. Nc4 Nb6 14. Na3 Bd7 15. e4
Qc7 16. Re1 Nxa4 17. Nxa4 b5 18. Nxc5 Qxc5 19. Be3 Qc8 20. Rc1 Qb7 21. Bd4 Rbc8
22. Nc2 b4 23. Qd2 a5 24. f3 Bb5 25. Ne3 Nd7 26. f4 Rxc1 27. Rxc1 Rc8 28. Re1
Bxd4 29. Qxd4 Qb6 30. Qxb6 Nxb6 31. e5 a4 32. exd6 Kf8 33. Bf1 Bd7 34. Kf2 Rc5
35. Rd1 b3 36. g4 Ke8 37. Be2 Bb5 38. Bxb5+ Rxb5 39. Ke2 Kd7 40. Kd3 Nxd5 41.
Nc4 f6 42. Ke4 Nb6 43. Ne3 a3 44. bxa3 b2 45. Rb1 Na4 46. Kd4 Kxd6 47. Kc4 Rc5+
48. Kb4 Rc1 49. Nc4+ Kd5 50. Nd2 Nc5 51. a4 Rc2 52. Nf3 Nd3+ 53. Kb3 Rf2 54.
Ng1 Kc5 55. Kc3 Nxf4 56. Rxb2 Rf1 57. Ne2 Rf3+ 58. Kd2 Nxe2 59. Kxe2 Rxh3 60.
Rb5+ Kc6 61. Kf2 Ra3 62. Rb4 Kd5 63. Kg2 Ke5 64. Kf2 f5 65. Rb5+ Kf4 66. gxf5
Ra2+ 67. Kg1 gxf5 68. a5 h5 69. Kf1 Kg4 70. Kg1 h4 71. Rc5 f4 72. Rb5 h3 73.
Rc5 f3 74. Rc8 Ra1+ 75. Kh2 f2 76. Rg8+ Kh5 0-1

[Event "Olimpiada de Khanty-Mansiysk 2010"]
[Site "Khanty-Mansiysk RUS"]
[Date "2010.10.03"]
[Round "11"]
[White "Collutiis, Duilio"]
[Black "Bindrich, Falko"]
[Result "1-0"]
[WhiteElo "2447"]
[BlackElo "2507"]
[PlyCount "82"]
[EventDate "2010.09.21"]
[EventType "team"]
[EventRounds "11"]
[EventCountry "RUS"]
[Source "lmi"]
[SourceDate "2010.09.21"]
[WhiteTeam "ICS"]
[BlackTeam "Alemania"]
[BlackTeamCountry "GER"]

1. e4 c5 2. Nf3 e6 3. d3 Nc6 4. g3 g6 5. Bg5 Qb6 6. Qc1 Bg7 7. c3 d5 8. Bg2 h6
9. Bd2 Nf6 10. O-O dxe4 11. dxe4 Nxe4 12. Be3 Nf6 13. Na3 O-O 14. Bxh6 Qc7 15.
Nc4 Nd5 16. Re1 Bd7 17. Bxg7 Kxg7 18. Nfe5 Rh8 19. Nxc6 Bxc6 20. Ne5 Rh5 21.
Nxc6 bxc6 22. c4 Nf6 23. Qc3 Rd8 24. Rad1 Re5 25. Rf1 Rh8 26. Rd2 Reh5 27. h3
e5 28. Re1 Re8 29. f4 Nd7 30. g4 Rhh8 31. Rde2 f6 32. Qf3 Re6 33. f5 gxf5 34.
Qxf5 Nf8 35. g5 Qd8 36. Rf2 Qd4 37. Re4 Qd1+ 38. Rf1 Qd3 39. Rf3 Qb1+ 40. Kh2
Qxb2 41. Rb3 Qd2 1-0

[Event "Olimpiada de Khanty-Mansiysk 2010"]
[Site "Khanty-Mansiysk RUS"]
[Date "2010.10.03"]
[Round "11"]
[White "Kraemer, Martin"]
[Black "Klasan, Vladimir"]
[Result "1-0"]
[WhiteElo "2516"]
[BlackElo "2393"]
[PlyCount "85"]
[EventDate "2010.09.21"]
[EventType "team"]
[EventRounds "11"]
[EventCountry "RUS"]
[Source "lmi"]
[SourceDate "2010.09.21"]
[WhiteTeam "Alemania"]
[BlackTeam "ICS"]
[WhiteTeamCountry "GER"]

1. d4 Nf6 2. c4 c5 3. d5 e6 4. Nc3 exd5 5. cxd5 d6 6. g3 g6 7. Bg2 Bg7 8. Nf3
O-O 9. O-O Re8 10. Nd2 b6 11. a4 Ba6 12. Nb5 Nbd7 13. Re1 Bxb5 14. axb5 Qc7 15.
Qb3 Ne5 16. Ra4 Nfd7 17. Ne4 c4 18. Qa3 Nc5 19. Nxc5 Qxc5 20. Qxc5 bxc5 21. Bd2
Nd7 22. Rxc4 Bxb2 23. Rb1 Bd4 24. e3 Be5 25. Ra4 Nb6 26. Ra6 c4 27. Rc1 Rec8
28. Bb4 c3 29. f4 Bg7 30. Bxd6 Nc4 31. Be7 Nxe3 32. d6 Rab8 33. d7 Rd8 34. Bxd8
Rxd8 35. Rxa7 Bd4 36. Rb7 c2 37. Be4 Nc4+ 38. Kg2 Nd6 39. Rc7 Nxe4 40. Rc8 Bb6
41. R1xc2 Kf8 42. R2c6 Ba5 43. Ra6 1-0

[Event "Olimpiada de Khanty-Mansiysk 2010"]
[Site "Khanty-Mansiysk RUS"]
[Date "2010.10.03"]
[Round "11"]
[White "Salov, Sergej"]
[Black "Huschenbeth, Niclas"]
[Result "1-0"]
[WhiteElo "2271"]
[BlackElo "2461"]
[PlyCount "57"]
[EventDate "2010.09.21"]
[EventType "team"]
[EventRounds "11"]
[EventCountry "RUS"]
[Source "lmi"]
[SourceDate "2010.09.21"]
[WhiteTeam "ICS"]
[BlackTeam "Alemania"]
[BlackTeamCountry "GER"]

1. e4 c5 2. Nf3 d6 3. d4 cxd4 4. Nxd4 Nf6 5. Nc3 a6 6. Bg5 Nbd7 7. Bc4 Qb6 8.
Bb3 e6 9. O-O Be7 10. Kh1 Nc5 11. Be3 Qc7 12. f4 b5 13. e5 dxe5 14. fxe5 Qxe5
15. Nf5 Nxb3 16. Nxg7+ Kf8 17. Bh6 Kg8 18. Qf3 Nxa1 19. Qxa8 Ng4 20. Qxc8+ Bf8
21. Bf4 Nf2+ 22. Kg1 Qxf4 23. Nxe6 fxe6 24. Rxf2 Qd6 25. Ne4 Qe7 26. Ng5 h5 27.
Nxe6 Kh7 28. Nxf8+ Kg7 29. Qc3+ 1-0

[Event "Olimpiada de Khanty-Mansiysk 2010"]
[Site "Khanty-Mansiysk RUS"]
[Date "2010.10.03"]
[Round "11"]
[White "Nedev, Trajko"]
[Black "Elsness, Frode"]
[Result "0-1"]
[WhiteElo "2505"]
[BlackElo "2485"]
[PlyCount "60"]
[EventDate "2010.09.21"]
[EventType "team"]
[EventRounds "11"]
[EventCountry "RUS"]
[Source "lmi"]
[SourceDate "2010.09.21"]
[WhiteTeam "MKD"]
[BlackTeam "Noruega"]
[BlackTeamCountry "NOR"]

1. e4 e5 2. Nf3 Nc6 3. d4 exd4 4. Nxd4 Nf6 5. Nxc6 bxc6 6. e5 Qe7 7. Qe2 Nd5 8.
c4 Ba6 9. b3 O-O-O 10. Bb2 f6 11. Nd2 fxe5 12. O-O-O Re8 13. g3 Nf6 14. Bh3 Kb8
15. Rhe1 Qf7 16. Qf3 Bb7 17. Bxe5 Ba3+ 18. Kc2 c5 19. Qd3 Bb4 20. f4 d6 21. Bc3
Bxc3 22. Kxc3 Qh5 23. Qf1 g5 24. Bg2 Bxg2 25. Qxg2 gxf4 26. gxf4 Rhg8 27. Qc6
Qxh2 28. Qb5+ Kc8 29. Qa6+ Kd8 30. Qxa7 Qg3+ 0-1

[Event "Olimpiada de Khanty-Mansiysk 2010"]
[Site "Khanty-Mansiysk RUS"]
[Date "2010.10.03"]
[Round "11"]
[White "Urkedal, Frode"]
[Black "Mitkov, Nikola"]
[Result "1-0"]
[WhiteElo "2430"]
[BlackElo "2531"]
[PlyCount "77"]
[EventDate "2010.09.21"]
[EventType "team"]
[EventRounds "11"]
[EventCountry "RUS"]
[Source "lmi"]
[SourceDate "2010.09.21"]
[WhiteTeam "Noruega"]
[BlackTeam "MKD"]
[WhiteTeamCountry "NOR"]

1. d4 d5 2. c4 e6 3. Nc3 Bb4 4. Nf3 Nf6 5. cxd5 exd5 6. Bg5 h6 7. Bh4 g5 8. Bg3
Ne4 9. Nd2 Nxg3 10. hxg3 c6 11. Qc2 Be6 12. a3 Be7 13. e4 dxe4 14. Bc4 Bxc4 15.
Nxc4 Nd7 16. Nxe4 Nb6 17. Nxb6 Qxb6 18. O-O-O Rd8 19. Qe2 Kf8 20. g4 Rxd4 21.
Rxd4 Qxd4 22. Ng3 Qd5 23. Rd1 Qc5+ 24. Kb1 Bf6 25. Nf5 h5 26. Re1 Kg8 27. Qe8+
Qf8 28. Qd7 Kh7 29. gxh5 g4 30. Re6 Bg5 31. Qxb7 Rg8 32. Qxa7 Kh8 33. Qd4+ Kh7
34. Rxc6 Qe8 35. Qd5 Rf8 36. Ng3 Qe1+ 37. Ka2 Bh4 38. Qf5+ Kh8 39. Rh6+ 1-0

[Event "Olimpiada de Khanty-Mansiysk 2010"]
[Site "Khanty-Mansiysk RUS"]
[Date "2010.10.03"]
[Round "11"]
[White "Stanojoski, Zvonko"]
[Black "Hansen, Torbjorn Ringdal"]
[Result "1-0"]
[WhiteElo "2485"]
[BlackElo "2429"]
[PlyCount "71"]
[EventDate "2010.09.21"]
[EventType "team"]
[EventRounds "11"]
[EventCountry "RUS"]
[Source "lmi"]
[SourceDate "2010.09.21"]
[WhiteTeam "MKD"]
[BlackTeam "Noruega"]
[BlackTeamCountry "NOR"]

1. c4 Nf6 2. g3 g6 3. Bg2 Bg7 4. Nc3 O-O 5. Nf3 d6 6. O-O Nc6 7. Rb1 a5 8. a3
e5 9. d3 Nd4 10. Nd2 c6 11. b4 axb4 12. axb4 d5 13. Bb2 Re8 14. e3 Nf5 15. Na4
dxc4 16. Nxc4 b5 17. Bxc6 Rxa4 18. Bxb5 Rxb4 19. Bxe8 Qxe8 20. Bxe5 Rxb1 21.
Qxb1 Be6 22. Nb6 h5 23. Qb2 Ng4 24. Bxg7 Nxg7 25. e4 Nh6 26. Ra1 Qe7 27. d4 Qf6
28. Ra3 h4 29. e5 Qg5 30. d5 Qh5 31. f3 Bh3 32. e6 fxe6 33. Nd7 Ne8 34. Ra8 Qg5
35. Nf6+ Kf7 36. Ra7+ 1-0

[Event "Olimpiada de Khanty-Mansiysk 2010"]
[Site "Khanty-Mansiysk RUS"]
[Date "2010.10.03"]
[Round "11"]
[White "Steingrimsson, Hedinn"]
[Black "Kopylov, Alexander A"]
[Result "1/2-1/2"]
[WhiteElo "2550"]
[BlackElo "2438"]
[PlyCount "113"]
[EventDate "2010.09.21"]
[EventType "team"]
[EventRounds "11"]
[EventCountry "RUS"]
[Source "lmi"]
[SourceDate "2010.09.21"]
[WhiteTeam "Islandia"]
[BlackTeam "RU5"]
[WhiteTeamCountry "ISL"]

1. e4 c5 2. Nf3 e6 3. d4 cxd4 4. Nxd4 a6 5. Bd3 Qb6 6. c3 d6 7. Be3 Qc7 8. c4
Nf6 9. Nc3 Be7 10. O-O b6 11. Rc1 Nbd7 12. b4 O-O 13. f4 g6 14. Kh1 Bb7 15. a3
Rac8 16. Nf3 Qb8 17. Qe1 Rfe8 18. Ng5 Qa8 19. Bd2 Bf8 20. Qe2 Qb8 21. Qf2 Bg7
22. Qh4 Qa8 23. Rce1 Nf8 24. Re2 h6 25. Nf3 d5 26. cxd5 exd5 27. e5 Ne4 28. Nd1
d4 29. Nxd4 Red8 30. Be3 Nc3 31. Rd2 a5 32. b5 a4 33. Qg3 Ne4 34. Bxe4 Bxe4 35.
h4 Re8 36. Bg1 Qa5 37. Re2 f5 38. exf6 Bxf6 39. Rfe1 Qa8 40. Nc3 Bxh4 41. Qxh4
Rxc3 42. Nc6 Bxc6 43. bxc6 Rxe2 44. Rxe2 Qxc6 45. Qxh6 Rc1 46. Kh2 Rd1 47. Re7
Qf6 48. Qg5 Qh8+ 49. Kg3 Qb2 50. Be3 Rd3 51. f5 Rd5 52. Qh4 Qxa3 53. f6 Qd6+
54. Bf4 Qa3+ 55. Be3 Qd6+ 56. Bf4 Qa3+ 57. Be3 1/2-1/2

[Event "Olimpiada de Khanty-Mansiysk 2010"]
[Site "Khanty-Mansiysk RUS"]
[Date "2010.10.03"]
[Round "11"]
[White "Savitskiy, Sergey"]
[Black "Thorfinnsson, Bragi"]
[Result "0-1"]
[WhiteElo "2373"]
[BlackElo "2415"]
[PlyCount "90"]
[EventDate "2010.09.21"]
[EventType "team"]
[EventRounds "11"]
[EventCountry "RUS"]
[Source "lmi"]
[SourceDate "2010.09.21"]
[WhiteTeam "RU5"]
[BlackTeam "Islandia"]
[BlackTeamCountry "ISL"]

1. e4 c5 2. Nf3 e6 3. d4 cxd4 4. Nxd4 a6 5. Nc3 Qc7 6. f4 Nc6 7. Nb3 b5 8. Bd3
Bb7 9. Qe2 Nb4 10. Be3 Nf6 11. a3 Nxd3+ 12. cxd3 b4 13. axb4 Bxb4 14. O-O O-O
15. Rfc1 Qd8 16. Nc5 Bc8 17. e5 Bxc3 18. bxc3 Nd5 19. Ne4 Nxe3 20. Qxe3 Bb7 21.
Nd6 Bc6 22. d4 f6 23. Qg3 fxe5 24. fxe5 Rb8 25. Ra2 Qb6 26. h4 a5 27. h5 h6 28.
Kh2 a4 29. Rcc2 Qd8 30. Rd2 Rb1 31. Rf2 Rxf2 32. Rxf2 Qg5 33. Qxg5 hxg5 34. Nc8
a3 35. Ne7+ Kh7 36. Rf8 Be4 37. Rf2 Rb2 38. Rf8 a2 39. Ng6 Bxg6 40. hxg6+ Kxg6
41. Ra8 Kf5 42. c4 Ke4 43. d5 exd5 44. cxd5 Kxd5 45. Ra5+ Kc4 0-1

[Event "Olimpiada de Khanty-Mansiysk 2010"]
[Site "Khanty-Mansiysk RUS"]
[Date "2010.10.03"]
[Round "11"]
[White "Thorfinnsson, Bjorn"]
[Black "Yuffa, Daniil"]
[Result "1-0"]
[WhiteElo "2404"]
[BlackElo "2235"]
[PlyCount "65"]
[EventDate "2010.09.21"]
[EventType "team"]
[EventRounds "11"]
[EventCountry "RUS"]
[Source "lmi"]
[SourceDate "2010.09.21"]
[WhiteTeam "Islandia"]
[BlackTeam "RU5"]
[WhiteTeamCountry "ISL"]

1. d4 g6 2. c4 Bg7 3. g3 Nf6 4. Bg2 O-O 5. Nc3 d6 6. Nf3 Nbd7 7. O-O e5 8. e4
exd4 9. Nxd4 Re8 10. h3 a6 11. Rb1 Rb8 12. b3 c5 13. Nf3 b5 14. Bf4 b4 15. Na4
Nxe4 16. Bxd6 Nxd6 17. Qxd6 Re6 18. Qf4 Qe7 19. Rbd1 Ne5 20. Ng5 Bh6 21. Rd8+
Qxd8 22. Nxe6 Bxf4 23. Nxd8 Bg5 24. Re1 Bxh3 25. Rxe5 Bxg2 26. Re8+ Kg7 27.
Ne6+ fxe6 28. Rxb8 Be4 29. Nxc5 Bf5 30. Nxa6 Bd2 31. Nxb4 Kf6 32. c5 Ke5 33. c6
1-0

[Event "Olimpiada de Khanty-Mansiysk 2010"]
[Site "Khanty-Mansiysk RUS"]
[Date "2010.10.03"]
[Round "11"]
[White "Akylbekov, Nasyr"]
[Black "Rodriguez Vila, Andres"]
[Result "0-1"]
[WhiteElo "2390"]
[BlackElo "2537"]
[PlyCount "70"]
[EventDate "2010.09.21"]
[EventType "team"]
[EventRounds "11"]
[EventCountry "RUS"]
[Source "lmi"]
[SourceDate "2010.09.21"]
[WhiteTeam "Kyrgyzstan"]
[BlackTeam "Uruguay"]
[WhiteTeamCountry "KGZ"]
[BlackTeamCountry "URU"]

1. e4 e6 2. d4 d5 3. Nc3 Nf6 4. Bg5 Be7 5. e5 Nfd7 6. Bxe7 Qxe7 7. Nb5 Nb6 8.
c3 a6 9. Na3 Bd7 10. f4 Na4 11. Qd2 c5 12. Nf3 Nc6 13. Rb1 cxd4 14. Nxd4 Nc5
15. Nac2 f6 16. Nf3 fxe5 17. fxe5 g5 18. Qe3 g4 19. Nfd4 O-O 20. g3 Be8 21.
Nxc6 bxc6 22. Rd1 Ne4 23. Rg1 Rb8 24. b3 Rf3 25. Qh6 Bg6 26. Nd4 Qc5 27. Rc1
Rxc3 28. Rd1 Rf3 29. Qg7+ Kxg7 30. Nxe6+ Kg8 31. Nxc5 Nxc5 32. Be2 Re3 33. Kd2
Rxe5 34. Bxg4 Ne4+ 35. Ke3 Nf6+ 0-1

[Event "Olimpiada de Khanty-Mansiysk 2010"]
[Site "Khanty-Mansiysk RUS"]
[Date "2010.10.03"]
[Round "11"]
[White "Larrea, Manuel"]
[Black "Markov, Mikhail"]
[Result "1-0"]
[WhiteElo "2323"]
[BlackElo "2261"]
[PlyCount "62"]
[EventDate "2010.09.21"]
[EventType "team"]
[EventRounds "11"]
[EventCountry "RUS"]
[Source "lmi"]
[SourceDate "2010.09.21"]
[WhiteTeam "Uruguay"]
[BlackTeam "Kyrgyzstan"]
[WhiteTeamCountry "URU"]
[BlackTeamCountry "KGZ"]

1. e4 c5 2. Nf3 e6 3. d3 Nc6 4. g3 g6 5. Bg2 Bg7 6. O-O Nge7 7. Re1 O-O 8. h4
d6 9. c3 e5 10. a3 h6 11. b4 Bg4 12. Be3 b6 13. Nbd2 cxb4 14. axb4 d5 15. Qb3
Be6 16. Qa3 f5 17. b5 Na5 18. exd5 Bxd5 19. Nxe5 Bxg2 20. Kxg2 Bxe5 21. Bxh6
Bf6 22. Bxf8 Kxf8 23. c4 Bxa1 24. Qxa1 Ng8 25. Nf3 Qf6 26. Qa3+ Kg7 27. Ng5 Kh8
28. Re6 Qg7 29. Qd6 Qf8 30. Qd5 Kg7 31. Qd7+ Kh8 1-0

[Event "Olimpiada de Khanty-Mansiysk 2010"]
[Site "Khanty-Mansiysk RUS"]
[Date "2010.10.03"]
[Round "11"]
[White "Shukuraliev, Algis"]
[Black "Roselli Mailhe, Bernardo"]
[Result "0-1"]
[WhiteElo "2332"]
[BlackElo "2399"]
[PlyCount "68"]
[EventDate "2010.09.21"]
[EventType "team"]
[EventRounds "11"]
[EventCountry "RUS"]
[Source "lmi"]
[SourceDate "2010.09.21"]
[WhiteTeam "Kyrgyzstan"]
[BlackTeam "Uruguay"]
[WhiteTeamCountry "KGZ"]
[BlackTeamCountry "URU"]

1. Nf3 Nf6 2. d4 g6 3. c4 Bg7 4. Nc3 O-O 5. e4 d6 6. Be2 e5 7. O-O Nc6 8. d5
Ne7 9. Ne1 Ne8 10. Nd3 f5 11. Bd2 Nf6 12. f3 f4 13. c5 g5 14. Rc1 Ng6 15. cxd6
cxd6 16. Nf2 Rf7 17. a4 Bf8 18. Qc2 Bd7 19. Qb3 h5 20. Nb5 g4 21. Nc7 g3 22.
Nd1 Nxe4 23. fxe4 Qh4 24. h3 Bxh3 25. Rf2 Bg4 26. Bxg4 hxg4 27. Nxa8 Qh2+ 28.
Kf1 f3 29. gxf3 gxf2 30. Nxf2 Rxf3 31. Be3 Nf4 32. Ke1 Rxe3+ 33. Qxe3 Ng2+ 34.
Ke2 Nxe3 0-1

[Event "Olimpiada de Khanty-Mansiysk 2010"]
[Site "Khanty-Mansiysk RUS"]
[Date "2010.10.03"]
[Round "11"]
[White "Izquierdo, Daniel"]
[Black "Samakov, Nurdin"]
[Result "1/2-1/2"]
[WhiteElo "2275"]
[BlackElo "2356"]
[PlyCount "126"]
[EventDate "2010.09.21"]
[EventType "team"]
[EventRounds "11"]
[EventCountry "RUS"]
[Source "lmi"]
[SourceDate "2010.09.21"]
[WhiteTeam "Uruguay"]
[BlackTeam "Kyrgyzstan"]
[WhiteTeamCountry "URU"]
[BlackTeamCountry "KGZ"]

1. d4 Nf6 2. Nf3 g6 3. g3 Bg7 4. Bg2 O-O 5. O-O d6 6. a4 Nbd7 7. a5 Rb8 8. c3
e5 9. Na3 Re8 10. Nb5 e4 11. Ng5 h6 12. Nh3 Nf8 13. f3 a6 14. Na3 d5 15. Nf2
Bf5 16. Nc2 g5 17. Ne3 Bg6 18. Qb3 c6 19. Bh3 Ne6 20. Nf5 Bf8 21. f4 g4 22. Nh4
gxh3 23. f5 Bh5 24. fxe6 Bxe2 25. exf7+ Kxf7 26. Bf4 Qd7 27. Be5 Bc4 28. Qc2
Bg7 29. Qd2 Kg8 30. Rae1 Nh5 31. Bxb8 Rxb8 32. Qd1 Nf6 33. Ng6 Nh7 34. Ng4 Bxf1
35. Rxf1 Ng5 36. N4e5 Bxe5 37. Nxe5 Qe6 38. Qh5 Rf8 39. Rxf8+ Kxf8 40. Kf2 Kg7
41. Ke3 c5 42. Qg4 cxd4+ 43. Kxd4 Qxg4 44. Nxg4 Nf3+ 45. Ke3 Kg6 46. c4 h5 47.
Nf2 Nxh2 48. Nxh3 Ng4+ 49. Kd4 dxc4 50. Kxe4 Nf6+ 51. Kd4 Kf5 52. Kxc4 Ne4 53.
Nf4 Nxg3 54. Nxh5 Nxh5 55. Kc5 Nf4 56. Kb6 Nd3 57. Kxb7 Nb4 58. Kb6 Ke6 59. Kc5
Nd5 60. b4 Nc7 61. Kc6 Nb5 62. Kb6 Kd6 63. Kxa6 Kc6 1/2-1/2

[Event "Olimpiada de Khanty-Mansiysk 2010"]
[Site "Khanty-Mansiysk RUS"]
[Date "2010.10.03"]
[Round "11"]
[White "Kobese, Watu"]
[Black "Sulskis, Sarunas"]
[Result "0-1"]
[WhiteElo "2370"]
[BlackElo "2544"]
[PlyCount "58"]
[EventDate "2010.09.21"]
[EventType "team"]
[EventRounds "11"]
[EventCountry "RUS"]
[Source "lmi"]
[SourceDate "2010.09.21"]
[WhiteTeam "Sudáfrica"]
[BlackTeam "Lituania"]
[WhiteTeamCountry "RSA"]
[BlackTeamCountry "LTU"]

1. e4 c6 2. d4 d5 3. e5 Bf5 4. Nc3 e6 5. g4 Bg6 6. Nge2 c5 7. h4 h5 8. Nf4 Bh7
9. Nxh5 Nc6 10. dxc5 Bxc5 11. Bb5 Qc7 12. Nxg7+ Kf8 13. Nh5 d4 14. Ne2 Qa5+ 15.
Qd2 Qxb5 16. Qg5 Bg6 17. Nf6 Bb4+ 18. c3 dxc3 19. bxc3 Nd4 20. Nxd4 Bxc3+ 21.
Bd2 Bxd4 22. a4 Qd3 23. Bb4+ Kg7 24. Rc1 Qf3 25. Rh2 Nxf6 26. Qxf6+ Qxf6 27.
exf6+ Bxf6 28. h5 Be4 29. f4 Rhc8 0-1